[Event "CRO-Cup"]
[Site "Pula"]
[Date "1994.??.??"]
[Round "2"]
[White "Zelcic, Robert"]
[Black "Cebalo, Miso"]
[Result "0-1"]
[WhiteElo "2485"]
[BlackElo "2520"]

1.e4 c5 2.Nf3 e6 3.d4 cxd4 4.Nxd4 Nc6 5.Nc3 d6 6.Be2 Nf6 7.O-O Be7 8.Kh1 O-O
9.f4 Bd7 10.Be3 Nxd4 11.Bxd4 Bc6 12.Bd3 Nd7 13.Qh5 Bf6 14.Bxf6 Nxf6 15.Qh3 h6
16.Rae1 Rc8 17.e5 dxe5 18.fxe5 Nd7 19.Rf4 Nc5 20.Bf1 a5 21.Rf6 Rc7 22.Qg3 Kh7
23.Rf4 Rd7 24.Bb5 f5 25.Bxc6 bxc6 26.Rc4 Qe7 27.Qf2 Na6 28.Rxc6 Nb4 29.Rc4 Rfd8
30.a3 Nd5 31.h3 Nxc3 32.Rxc3 Rd2 33.Qg3 Qb7 34.b3 R8d4 35.Rf1 Re4 36.Qf3 Qb5
37.Rc4 Rxc4 38.bxc4 Qxc4 39.Rc1 Rxc2 40.Rxc2 Qxc2 41.Qe3 Qc4 42.Kh2 a4 43.Qd2 Qd5
44.Qc3 Qb3 45.Qc1 Kg6 46.Qc8 f4 47.Kh1 f3 48.Qe8+ Kh7 49.gxf3 Qxf3+ 50.Kh2 Qxa3
51.Qxe6 Qb2+ 52.Kg1 Qb1+ 53.Kh2 a3  0-1

[Event "CRO-Cup"]
[Site "Pula"]
[Date "1994.??.??"]
[Round "2"]
[White "Bozanic, Ivica"]
[Black "Brigljevic, Milan"]
[Result "1/2-1/2"]
[WhiteElo "2235"]
[BlackElo "2270"]

1.e4 c5 2.Nc3 Nc6 3.Nf3 e6 4.d4 cxd4 5.Nxd4 d6 6.Be3 Nf6 7.Qd2 Be7 8.f3 O-O
9.O-O-O d5 10.exd5 Nxd5 11.Nxd5 Qxd5 12.Kb1 Nxd4 13.Qxd4 Qxd4 14.Bxd4 Rd8
15.Bb5 Bd7 16.Bxd7 Rxd7 17.Be3 Rxd1+ 18.Rxd1 Kf8 19.Rd7 b6 20.c4 h5 21.b3 g5
22.Kc2 g4 23.a4 f5 24.a5 bxa5 25.Rxa7 Rxa7 26.Bxa7 Bb4 27.h3 gxh3 28.gxh3 Ke7
29.Kd3 e5 30.Bb8 Bd6 31.Ba7 Bb4 32.Bf2 Kd6 33.Bh4 Kc6 34.Bf2 Kd6 35.Bg3 Ke6
36.Bh4 Kd6 37.Bg5 Ke6 38.Bh6 Kd6 39.Bf8+ Kc6 40.Bh6 Kd6 41.Be3 Bc5 42.Bd2 Bb4
43.Bxb4+  1/2-1/2

[Event "Rishon Le Ziyyon"]
[Site "Rishon Le Ziyyon"]
[Date "1994.??.??"]
[Round "5"]
[White "Beim, Valery"]
[Black "Chernin, Alexander"]
[Result "1/2-1/2"]
[WhiteElo "2545"]
[BlackElo "2615"]

1.e4 c5 2.Nf3 e6 3.d4 cxd4 4.Nxd4 Nc6 5.Nc3 Qc7 6.Be2 a6 7.O-O Nf6 8.Be3 Be7
9.f4 d6 10.Kh1 O-O 11.a4 Bd7 12.Nb3 b6 13.Bf3 Bc8 14.a5 bxa5 15.e5 dxe5 16.fxe5 Rd8
17.Nd4 Nd5 18.Nxc6 Qxc6 19.Rxa5  1/2-1/2

[Event "ROM-chT"]
[Site "ROM"]
[Date "1994.??.??"]
[Round "?"]
[White "Barbu, Nicolae"]
[Black "Demeny, Miklos Nicolae"]
[Result "1-0"]
[WhiteElo "2350"]
[BlackElo "2255"]

1.e4 c5 2.Nf3 Nc6 3.Nc3 e6 4.d4 cxd4 5.Nxd4 a6 6.f4 Nge7 7.Be2 d5 8.exd5 Nxd5
9.Nxd5 exd5 10.Be3 Qb6 11.Nxc6 Qxe3 12.Qxd5 Be6 13.Qe5 Bc5 14.Qxe3 Bxe3 15.Na5 O-O-O
16.Nb3 Rhe8 17.Rd1 Bd5 18.Kf1 Bxf4 19.Bf3 Be6 20.Kf2 Bf5 21.c3 Be3+ 22.Kg3 Bd3
23.h4 Rd6 24.Rhe1 f5 25.Nc5 Rg6+ 26.Kh3 Bb5 27.b4 Kc7 28.Bh5 f4 29.Bxg6 hxg6
30.a4 Bc6 31.Re2 f3 32.gxf3 Bxf3 33.Rd7+ Kc8 34.Rxe3 Rxe3 35.Rd3 Rxd3 36.Nxd3 Kc7
37.Kg3 Bc6 38.a5 Bb5 39.Nc5 Kd6 40.Kf4 Kd5 41.Nxb7 Bf1 42.Nc5 Bb5 43.Nb7 Bf1
44.Nc5 Bb5 45.Nb3 Kc4 46.Nd4 Bd7 47.Ke5 Bc8 48.Kd6 Kxc3 49.Kc5  1-0

[Event "ROM-chT"]
[Site "ROM"]
[Date "1994.??.??"]
[Round "?"]
[White "Ionescu, Doru Alexandru"]
[Black "Miulescu, Gabriel"]
[Result "1/2-1/2"]
[WhiteElo "2310"]
[BlackElo "2430"]

1.e4 c5 2.Nf3 e6 3.d4 cxd4 4.Nxd4 Nc6 5.Nc3 a6 6.Be3 Qc7 7.g3 Nf6 8.Bg2 Ne5
9.O-O Bc5 10.h3 d6 11.Qe2 b5 12.Rad1 Bb7 13.Bc1 O-O 14.Kh2 Rac8 15.f4 Nc6
16.Nb3 Ba7 17.e5 dxe5 18.fxe5 Nd7 19.Bf4 Ne7 20.Ne4 Ng6 21.Nd6 Bxg2 22.Qxg2 Rb8
23.Qe4 Nb6 24.Nd4 Nd5 25.Bg5 Bxd4 26.Rxd4 f6 27.Rxd5 exd5 28.Qxd5+ Kh8 29.exf6 h6
30.Be3 Kh7 31.h4 Rbd8 32.h5 Qxd6 33.hxg6+ Kxg6 34.Qe4+ Kf7 35.Qh7 Ke6 36.Bf4 Qc5
37.fxg7 Qh5+ 38.Kg1 Qc5+ 39.Kg2 Qd5+ 40.Kg1 Qc5+ 41.Rf2 Rd1+ 42.Kg2 Qd5+
43.Rf3 Rd2+ 44.Kg1 Rd1+ 45.Kg2  1/2-1/2

[Event "Saanen"]
[Site "Saanen"]
[Date "1994.??.??"]
[Round "2"]
[White "Kogan, Artur"]
[Black "Kaenel, Hansjuerg"]
[Result "1-0"]
[WhiteElo "2415"]
[BlackElo "2390"]

1.e4 c5 2.Nf3 e6 3.d4 cxd4 4.Nxd4 Nc6 5.Nc3 Qc7 6.f4 a6 7.Nf3 d6 8.Bd3 Nf6
9.O-O Be7 10.Qe1 b5 11.e5 dxe5 12.fxe5 Nd7 13.Qg3 g6 14.a4 bxa4 15.Bh6 Bb7
16.Ne4 Nb4 17.Nfg5 Nxd3 18.cxd3 Bxe4 19.Nxe4 Qb6+ 20.Kh1 Qxb2 21.Qf3 Ra7
22.Rab1 Qa2 23.Qxf7+ Kd8 24.Bg7 Re8 25.Nd6 Bxd6 26.exd6  1-0

[Event "Saanen"]
[Site "Saanen"]
[Date "1994.??.??"]
[Round "9"]
[White "Forster, Richard"]
[Black "Kaenel, Hansjuerg"]
[Result "1/2-1/2"]
[WhiteElo "2330"]
[BlackElo "2390"]

1.e4 c5 2.Nf3 e6 3.d4 cxd4 4.Nxd4 Nc6 5.Nc3 Qc7 6.Be2 a6 7.O-O Nf6 8.Be3 Bb4
9.Na4 O-O 10.Nxc6 bxc6 11.c4 Be7 12.Bf3 d6 13.c5 d5 14.Nb6 Ra7 15.Qc2 h6
16.Rfe1 Rd8 17.Rad1 dxe4 18.Rxd8+ Bxd8 19.Bxe4 Ng4 20.Nxc8 Nxe3 21.Rxe3 Qxc8
22.Rd3 Be7 23.Qa4 Bxc5 24.Rc3 Bf8 25.Rxc6 Rc7 26.g3 a5 27.Rxc7 Qxc7 28.Kg2 Qb6
29.Qc2 g6 30.h4 Qd6 31.b3 Qe5 32.Bd3 Kg7 33.Qe2 Qc3 34.Qc2 Qf6 35.Qc4 Bb4
36.Qc2 Bc3 37.Qe2 Bd4 38.Bc4 h5 39.Bd3 e5 40.Qf3 Qe7 41.Qd5 Qa7 42.Bc4 Bc3
43.Qf3 Bb2 44.Qd5 Qc7 45.Kf3 Bc3 46.Kg2 Qe7 47.Qf3 Bd4 48.Qd5 Qf6 49.Qf3 Qxf3+
50.Kxf3 f5  1/2-1/2

[Event "San Mateo"]
[Site "San Mateo"]
[Date "1994.??.??"]
[Round "?"]
[White "Busquets, Luis"]
[Black "Mortazavi, Ali"]
[Result "1-0"]
[WhiteElo "2245"]
[BlackElo "2350"]

1.e4 c5 2.Nf3 e6 3.d4 cxd4 4.Nxd4 Nc6 5.Nc3 Qc7 6.Be2 Nf6 7.O-O a6 8.Be3 Bb4
9.Na4 O-O 10.c4 Bd6 11.f4 Nxe4 12.Nxc6 bxc6 13.Bd3 Nf6 14.c5 Be7 15.Bd4 Nd5
16.Nb6 Nxb6 17.Bxh7+ Kxh7 18.Qh5+ Kg8 19.Bxg7 f5 20.Qg6  1-0

[Event "Schwaebisch Gmuend op"]
[Site "Schwaebisch Gmuend"]
[Date "1994.??.??"]
[Round "6"]
[White "Kovalev, Andrei"]
[Black "Ikonnikov, Vyacheslav"]
[Result "1/2-1/2"]
[WhiteElo "2530"]
[BlackElo "2515"]

1.e4 c5 2.Nf3 Nc6 3.Nc3 e6 4.d4 cxd4 5.Nxd4 Nf6 6.Nxc6 bxc6 7.e5 Nd5 8.Ne4 Qa5+
9.c3 Ba6 10.Bd3 Be7 11.O-O Bxd3 12.Qxd3 f5 13.Ng5 Nb6 14.Re1 h6 15.Nf3 Qb5
16.Qc2 c5 17.a4 Qa6 18.b3 Nd5 19.c4 Nb4 20.Qd2 Rb8 21.Ba3 Nc6 22.Rad1 Rxb3
23.Qxd7+ Kf7 24.Rd6 Qc8 25.Bxc5 Rb7 26.Qxc6 Rc7 27.Qa6 Qxa6 28.Rxa6 Bxc5
29.Rb1 g5 30.h3  1/2-1/2

[Event "SCO-ch"]
[Site "SCO"]
[Date "1994.??.??"]
[Round "?"]
[White "Buchanan, Walter F"]
[Black "Roberts, Paul"]
[Result "1-0"]
[WhiteElo "2165"]
[BlackElo "2165"]

1.e4 c5 2.Nf3 e6 3.d4 cxd4 4.Nxd4 Nc6 5.Nc3 d6 6.Be2 Nf6 7.O-O Be7 8.Be3 O-O
9.f4 e5 10.Nb3 exf4 11.Bxf4 Be6 12.Nd4 Nxd4 13.Qxd4 Ne8 14.Nd5 Bxd5 15.exd5 Bf6
16.Qb4 a5 17.Qb5 Nc7 18.Qxb7 Re8 19.Bf3 Rb8 20.Qc6 Bxb2 21.Bxd6 Bxa1 22.Bxc7 Qh4
23.Bxb8 Rxb8 24.g3 Qd4+ 25.Kh1 g6 26.d6 Rb6 27.Qa8+ Kg7 28.Bd5 f5 29.d7 Rb8
30.d8=Q  1-0

[Event "Sevilla op"]
[Site "Sevilla"]
[Date "1994.??.??"]
[Round "1"]
[White "Fernandez Garcia, Jose L"]
[Black "De la Fuente, Alfredo"]
[Result "1-0"]
[WhiteElo "2455"]
[BlackElo "2185"]

1.e4 c5 2.Nc3 Nc6 3.Nf3 e6 4.d4 cxd4 5.Nxd4 Be7 6.Bf4 a6 7.Nxc6 dxc6 8.Qxd8+ Bxd8
9.O-O-O Ne7 10.Bd6 O-O 11.Ba3 Re8 12.Rxd8  1-0

[Event "Sevilla op"]
[Site "Sevilla"]
[Date "1994.??.??"]
[Round "8"]
[White "Rodriguez Lopez, Rafael"]
[Black "Franco Ocampo, Zenon"]
[Result "0-1"]
[WhiteElo "2275"]
[BlackElo "2475"]

1.e4 c5 2.Nf3 Nc6 3.d4 cxd4 4.Nxd4 e6 5.Nc3 Qc7 6.f4 a6 7.Nf3 b5 8.Bd3 Bc5
9.Qe2 Nd4 10.Nxd4 Bxd4 11.Nd1 Bb7 12.c3 Bc5 13.Nf2 Ne7 14.O-O Ng6 15.Qg4 h5
16.Qf3 h4 17.a4 f5 18.axb5 axb5 19.Rxa8+ Bxa8 20.Kh1 O-O 21.Nh3 Be7 22.Qe2 fxe4
23.Bxe4 Bxe4 24.Qxe4 Qc4 25.Qe1 Bd6 26.Rf3 Rf5 27.Be3 Qb3 28.Qd2 Rd5 29.Bd4 Ne7
30.Rd3 Qc4 31.Qd1 Nf5 32.b3 Qc6 33.Kg1 b4 34.cxb4 Rxd4 35.Rxd4 Qb6  0-1

[Event "Sitges op"]
[Site "Sitges"]
[Date "1994.??.??"]
[Round "5"]
[White "Marcet Bisbale, Antonio"]
[Black "Tebar, Juan Carlos"]
[Result "1-0"]
[WhiteElo "2360"]
[BlackElo "2255"]

1.e4 c5 2.Nf3 e6 3.d4 cxd4 4.Nxd4 Nc6 5.Nc3 Qc7 6.g3 Bc5 7.Be3 Bb4 8.Bf4 e5
9.Nb5 Qb8 10.Be3 a6 11.Na3 b5 12.Nb1 Nf6 13.Bg2 Bb7 14.a3 Be7 15.O-O Na5
16.Nd5 Nxd5 17.exd5 Nc4 18.Bc1 O-O 19.b3 Nd6 20.Qe2 Bf6 21.Bb2 Re8 22.Nd2 a5
23.Ne4 Nxe4 24.Qxe4 d6 25.Bc1 Qc7 26.Bd2 g6 27.Rfc1 Bg7 28.c4 f5 29.Qe3 e4
30.cxb5 Qf7 31.Bc3 Bxd5 32.Bxg7 Qxg7 33.Rd1 Rec8 34.Rac1 Qe5 35.b6 a4 36.bxa4 Bb7
37.Rc7 Rxc7 38.bxc7 d5 39.Qb6 Bc8 40.Rb1 Rxa4 41.Qb8  1-0

[Event "Skei"]
[Site "Skei"]
[Date "1994.??.??"]
[Round "8"]
[White "Nijboer, Friso"]
[Black "Stokstad, Petter G"]
[Result "1-0"]
[WhiteElo "2530"]
[BlackElo "2180"]

1.e4 c5 2.Nf3 Nc6 3.d4 cxd4 4.Nxd4 e6 5.Nc3 a6 6.Be2 Nge7 7.O-O d6 8.Be3 Nxd4
9.Qxd4 b5 10.Rfd1 Nc6 11.Qd2 Bb7 12.a4 b4 13.Na2 a5 14.c3 bxc3 15.Nxc3 Be7
16.Nb5 O-O 17.Nxd6 Bxd6 18.Qxd6 Qxd6 19.Rxd6 Nb4 20.Bc5 Nc2 21.Rc1 Bxe4 22.f3 Bg6
23.Rd2 Rfc8 24.Rdxc2 Bxc2 25.Rxc2 Rc7 26.Rc3 Rb8 27.Bb5 f6 28.Bd6 Rxc3 29.bxc3 Rc8
30.c4 Kf7 31.f4 g6 32.c5 e5 33.fxe5 fxe5 34.Bd7  1-0

[Event "SLO-chT"]
[Site "?"]
[Date "1994.??.??"]
[Round "?"]
[White "Justin, Matijaz"]
[Black "Cebalo, Miso"]
[Result "0-1"]
[WhiteElo "2405"]
[BlackElo "2520"]

1.e4 c5 2.Nf3 e6 3.d4 cxd4 4.Nxd4 Nc6 5.Nc3 d6 6.Be3 Nf6 7.Bc4 Be7 8.Qe2 O-O
9.O-O-O Qc7 10.Bb3 a6 11.g4 Nxd4 12.Rxd4 b5 13.g5 Nd7 14.Qh5 Rd8 15.f4 g6
16.Qf3 Bf8 17.h4 Bg7 18.h5 Nc5 19.hxg6 fxg6 20.f5 Nxb3+ 21.axb3 exf5 22.Nd5 Qf7
23.exf5 Bxf5 24.Rf4 Rac8 25.c3 Re8 26.Bd4 Re5 27.Bxe5 dxe5 28.Rxf5 gxf5 29.Nf6+ Bxf6
30.gxf6 Rf8 31.Qxf5 Qg6 32.Qe6+ Kh8 33.Qe7 Rxf6 34.Rxh7+ Kg8 35.Rh8+ Kxh8
36.Qxe5 Kh7 37.Qh2+ Qh6+ 38.Qxh6+ Rxh6  0-1

[Event "SLO-chT"]
[Site "?"]
[Date "1994.??.??"]
[Round "?"]
[White "Roskar, Robert"]
[Black "Sostaric, Marko"]
[Result "0-1"]
[WhiteElo "2230"]
[BlackElo "1905"]

1.e4 c5 2.Nc3 Nc6 3.Nf3 e6 4.d4 cxd4 5.Nxd4 Nf6 6.Ndb5 Bb4 7.a3 Bxc3+ 8.Nxc3 d5
9.exd5 exd5 10.Bd3 O-O 11.O-O d4 12.Ne2 Qd5 13.Nf4 Qd6 14.Nh5 Nd5 15.Qf3 Be6
16.Re1 f5 17.Bd2 Rae8 18.Nf4 Nxf4 19.Bxf4 Qd7 20.Qg3 Bd5 21.f3 g6 22.Rxe8 Rxe8
23.Re1 Rxe1+ 24.Qxe1 Be6 25.Kf2 a6 26.Qe2 Kg7 27.Qd2 Qd5 28.Qe2 Kf6 29.h4 Ne5
30.Bxe5+ Qxe5 31.Qxe5+ Kxe5 32.g3 Kd6 33.f4 Kd5 34.Kf3 Kc5 35.Ke2 b5 36.Kd2 Bc4
37.b3 Bxd3 38.cxd3 h5 39.Kc2 a5  0-1

[Event "St Affrique op"]
[Site "St Affrique"]
[Date "1994.??.??"]
[Round "?"]
[White "Lane, Gary W"]
[Black "Hell, Pascal"]
[Result "1-0"]
[WhiteElo "2440"]
[BlackElo "2070"]

1.e4 c5 2.Nc3 Nc6 3.Nf3 e6 4.d4 cxd4 5.Nxd4 Qc7 6.f4 a6 7.Nf3 Bb4 8.Bd3 Nf6
9.O-O b5 10.Kh1 Bb7 11.Qe1 d6 12.a4 Bxc3 13.Qxc3 b4 14.Qe1 a5 15.Qg3 Qe7
16.b3 O-O-O 17.Be3 h5 18.Qh4 Nd7 19.Qxe7 Nxe7 20.Ng5 Rdf8 21.Rfd1 Nc5 22.Kg1 Kc7
23.e5 Nd5 24.Bd4 Nxd3 25.cxd3 Kd7 26.exd6 f6 27.Ne4 Nxf4 28.Nc5+ Kc6 29.Re1 e5
30.Be3 Nd5 31.Rac1 Nc3 32.d7 Rd8 33.d4 Ba8 34.dxe5 fxe5 35.Bf2 e4 36.Nxe4 Kxd7
37.Nxc3 bxc3 38.Rxc3 Rc8 39.Rd3+ Kc6 40.Re6+ Kb7 41.Rd7+  1-0

[Event "St Affrique op"]
[Site "St Affrique"]
[Date "1994.??.??"]
[Round "?"]
[White "Lane, Gary W"]
[Black "Pellaton, Bernard"]
[Result "1-0"]
[WhiteElo "2440"]
[BlackElo "2160"]

1.e4 c5 2.Nc3 e6 3.Nf3 Nc6 4.d4 cxd4 5.Nxd4 Qc7 6.f4 d6 7.Nf3 a6 8.Bd3 Nf6
9.O-O Be7 10.Qe1 Bd7 11.Kh1 Nb4 12.Qg3 Nxd3 13.cxd3 O-O 14.e5 Ne8 15.Be3 Bc6
16.Nd4 g6 17.f5 dxe5 18.Nxc6 bxc6 19.Bh6 exf5 20.Bxf8 Kxf8 21.Rac1 Rd8 22.Rfe1 Bf6
23.Na4 Qa5 24.b3 Kg7 25.Red1 Nd6 26.Rc5 Qb4 27.Qe1 Qb7 28.Ra5 Nb5 29.b4 Nd4
30.Nc5 Qe7 31.Rxa6 Rb8 32.a3 h5 33.Qf2 h4 34.Re1 Qc7 35.h3 Qc8 36.Ra7 Ra8
37.Rxa8 Qxa8 38.a4 Qc8 39.a5 Nb5 40.a6 e4 41.dxe4 Bd4 42.Qxh4 fxe4 43.Qxe4  1-0

[Event "St Cugat op"]
[Site "St Cugat"]
[Date "1994.??.??"]
[Round "1"]
[White "Martin Gonzalez, A."]
[Black "Gomez, Felix"]
[Result "1-0"]
[WhiteElo "2435"]
[BlackElo "2335"]

1.e4 c5 2.Nf3 Nc6 3.d4 cxd4 4.Nxd4 e6 5.Nc3 d6 6.Be3 Nf6 7.Bc4 a6 8.Qe2 Qc7
9.O-O-O Be7 10.Bb3 O-O 11.g4 Nxd4 12.Rxd4 b5 13.g5 Nd7 14.Rg1 Nc5 15.e5 Nxb3+
16.axb3 dxe5 17.Rh4 g6 18.Qf3 Bb7 19.Qh3 h5 20.Rxh5 gxh5 21.Qxh5 Bb4 22.g6 f5
23.g7 Rfc8 24.Rg6 Bxc3 25.Qh8+ Kf7 26.g8=Q+ Rxg8 27.Qh7+  1-0

[Event "St Petersburg op2"]
[Site "St Petersburg"]
[Date "1994.??.??"]
[Round "2"]
[White "Kobalija, Mihail"]
[Black "Izchenko, Olga"]
[Result "1/2-1/2"]
[WhiteElo "2415"]
[BlackElo "2180"]

1.e4 c5 2.Nf3 e6 3.d4 cxd4 4.Nxd4 Nc6 5.Nc3 Qc7 6.Be2 a6 7.O-O Nf6 8.Nxc6 bxc6
9.f4 d5 10.e5 Nd7 11.Na4 c5 12.b3 Be7 13.Bf3 Rb8 14.Qe1 g6 15.Kh1 h5 16.Bd2 Bb7
17.Ba5 Qc8 18.c4 d4 19.Rb1 Bxf3 20.Rxf3 Qc6 21.Nb2 Kf8 22.Nd3 Kg7 23.Qe2 Nb6
24.Rbf1 Nc8 25.Nf2 Bd8 26.Bxd8 Rxd8 27.Ne4 Ne7 28.Qd3 Nf5 29.Rb1 a5 30.Rf2 Rd7
31.Rfb2  1/2-1/2

[Event "St Petersburg op2"]
[Site "St Petersburg"]
[Date "1994.??.??"]
[Round "3"]
[White "Sivokho, Sergey"]
[Black "Kuporosov, Viktor"]
[Result "0-1"]
[WhiteElo "2405"]
[BlackElo "2510"]

1.e4 c5 2.Nc3 Nc6 3.Nge2 e6 4.d4 cxd4 5.Nxd4 Qc7 6.g3 a6 7.Bg2 Nf6 8.O-O d6
9.Re1 Rb8 10.Nxc6 bxc6 11.e5 dxe5 12.Rxe5 Bd6 13.Re3 O-O 14.Rd3 Be7 15.Na4 e5
16.Be3 Bg4 17.Qd2 Nd5 18.c4 Nb4 19.Rb3 Rfd8 20.Qc3 Nxa2 21.Rxb8 Nxc3 22.Rxd8+ Bxd8
23.Nxc3 Qb7 24.Na4 Qb4 25.Bxc6 Qxc4 26.Bg2 a5 27.h3 Bf5 28.Rd1 Be7 29.Nc3 h5
30.Rd5 Qc7 31.Nb5 Qc2 32.Rxe5 Bf6 33.Re8+ Kh7 34.Nc3 Bxc3 35.bxc3 Qxc3 36.Ra8 Qa1+
37.Kh2 a4 38.Bc5 h4 39.Ra7 hxg3+ 40.fxg3 Bg6 41.h4 Qb2 42.Rxa4 Qc2 43.h5 Bd3
44.Rf4 Qxc5 45.Kh3 Kh6 46.g4 f5  0-1

[Event "St Petersburg op"]
[Site "St Petersburg"]
[Date "1994.??.??"]
[Round "4"]
[White "Rublevsky, Sergei"]
[Black "Ionov, Sergey"]
[Result "1/2-1/2"]
[WhiteElo "2550"]
[BlackElo "2505"]

1.e4 c5 2.Nf3 Nc6 3.d4 cxd4 4.Nxd4 e6 5.Nc3 Qc7 6.Be3 a6 7.Bd3 Nf6 8.O-O Bd6
9.h3 Bf4 10.Qd2 Bxe3 11.Qxe3 Qb6 12.Nce2 d6 13.Qg3 O-O 14.Nxc6 Qxc6 15.Qh4 b5
16.Ng3 Bb7 17.Rae1 Qc5 18.Kh1 Qd4 19.f4 h6 20.b3 Rac8 21.Rd1 Qb4 22.a3 Qc3
23.Rde1 Qd4 24.Rd1 Qc3  1/2-1/2

[Event "St Petersburg op2"]
[Site "St Petersburg"]
[Date "1994.??.??"]
[Round "8"]
[White "Galdunts, Sergey"]
[Black "Skomorokhin, Roman"]
[Result "1/2-1/2"]
[WhiteElo "2475"]
[BlackElo "2425"]

1.e4 c5 2.Nc3 Nc6 3.Nge2 e6 4.d4 cxd4 5.Nxd4 d6 6.g3 Bd7 7.Bg2 Nf6 8.O-O Be7
9.Be3 O-O 10.h3 Nxd4 11.Qxd4 Bc6 12.Rfd1 Qc7 13.a4 a6 14.a5 Nd7 15.f4 Rac8
16.Rd2  1/2-1/2

[Event "St Petersburg op"]
[Site "St Petersburg"]
[Date "1994.??.??"]
[Round "8"]
[White "Chuprov, A."]
[Black "Balashov, Yuri S"]
[Result "0-1"]
[WhiteElo "2410"]
[BlackElo "2510"]

1.e4 c5 2.Nf3 e6 3.d4 cxd4 4.Nxd4 Nc6 5.Nc3 a6 6.g3 d6 7.Bg2 Bd7 8.O-O Be7
9.b3 Nxd4 10.Qxd4 Bf6 11.Qe3 Rc8 12.Bb2 Qa5 13.Nd1 Rxc2 14.e5 Bxe5 15.Bxe5 Qxe5
16.Qxe5 dxe5 17.Bxb7 Bb5 18.Re1 Rc7 19.Bg2 f6 20.a4 Bc6 21.Bf1 Bb7 22.Ne3 Ne7
23.Bc4 Nc6 24.f4 Ke7 25.f5 Nd4 26.fxe6 Rxc4 27.bxc4 Nf3+ 28.Kf1 Nxe1 29.Rb1 Be4
30.Nd5+ Kd6 31.Rxe1 Bd3+ 32.Kf2 Bxc4  0-1

[Event "St Petersburg op2"]
[Site "St Petersburg"]
[Date "1994.??.??"]
[Round "9"]
[White "Sivokho, Sergey"]
[Black "Kovalevskaya, Ekaterina"]
[Result "0-1"]
[WhiteElo "2405"]
[BlackElo "2290"]

1.e4 c5 2.Nc3 Nc6 3.Nge2 e6 4.d4 cxd4 5.Nxd4 Nf6 6.Ndb5 d6 7.Bf4 e5 8.Bg5 a6
9.Na3 b5 10.Nd5 Be7 11.Bxf6 Bxf6 12.c3 O-O 13.Nc2 Bg5 14.a4 bxa4 15.Rxa4 a5
16.Bc4 Be6 17.O-O Ne7 18.Qd3 Qc8 19.Nce3 Rb8 20.Nxe7+ Bxe7 21.Rb1 Qc7 22.Nd5 Bxd5
23.Qxd5 Bd8 24.b3 Qe7 25.Rd1 Bc7 26.Rd3 Kh8 27.Ra2 g6 28.Rad2 f5 29.exf5 Rxf5
30.Rh3 Rf6 31.Rdd3 Bb6 32.Rhf3 e4 33.Rxf6 Qxf6 34.Rd1 Bxf2+ 35.Kh1 Qe5 36.Qxd6 Qxd6
37.Rxd6 a4 38.b4 Rc8 39.Bb5 a3 40.g3 Rxc3 41.Ra6 Bd4 42.Bf1 Rc1  0-1

[Event "Rilton Cup9495"]
[Site "Stockholm"]
[Date "1994.??.??"]
[Round "3"]
[White "Furhoff, Johan"]
[Black "Taimanov, Mark E"]
[Result "1/2-1/2"]
[WhiteElo "2345"]
[BlackElo "2505"]

1.e4 c5 2.Nf3 e6 3.d4 cxd4 4.Nxd4 Nc6 5.Nc3 a6 6.Be2 Nge7 7.Bf4 Ng6 8.Nxc6 bxc6
9.Bd6 f6 10.O-O Bxd6 11.Qxd6 Qe7 12.Rad1 Qxd6 13.Rxd6 Ke7 14.Rfd1 Rb8 15.g3 Rxb2
16.Bxa6 Rxc2 17.Bxc8 Rxc8 18.Rxd7+ Kf8 19.Na4 Ne5 20.Rb7 Re8 21.Nb6 Re7 22.Rb8+ Kf7
23.a4 Ra7 24.Ra1 Nd3 25.a5 Nxf2 26.a6 Nh3+ 27.Kf1 Rf2+ 28.Ke1 Rb2 29.Nd7 Rxh2
30.Rb7 Rh1+ 31.Kd2 Rxa1 32.Rxa7 Kg6 33.Nf8+ Kh5 34.Nxe6 Ng5 35.Nxg7+ Kg4
36.Ke3 Ra4 37.Kd3 Nxe4 38.Ne8 Nc5+ 39.Kc3 Rxa6 40.Nxf6+ Kxg3 41.Rxa6 Nxa6
42.Nxh7  1/2-1/2

[Event "Rilton Cup9495"]
[Site "Stockholm"]
[Date "1994.??.??"]
[Round "6"]
[White "Trolle, Gustav"]
[Black "Kyhle, Bo"]
[Result "0-1"]
[WhiteElo "2150"]
[BlackElo "2260"]

1.e4 c5 2.Nf3 e6 3.d4 cxd4 4.Nxd4 Nc6 5.Nc3 Qc7 6.Be3 a6 7.Be2 Nf6 8.a3 Be7
9.O-O d6 10.f4 O-O 11.Qe1 Nxd4 12.Bxd4 e5 13.Be3 exf4 14.Rxf4 Be6 15.Qg3 Nd7
16.Rf2 Ne5 17.Raf1 Rfe8 18.Nd5 Bxd5 19.exd5 Bf8 20.c3 Rad8 21.Bd1 g6 22.Bc2 Bg7
23.Bg5 Rd7 24.h4 Qc4 25.Rd1 f5 26.b3 Qc5 27.b4 Qc4 28.Rd4 Qc7 29.h5 Ng4 30.Rxg4 fxg4
31.hxg6 Qxc3 32.gxh7+ Kh8 33.Qxg4 Rc7 34.g3 Qd4 35.Qf5 Qe5 36.Qg4 b5 37.Kh2 Rc4
38.Qh5 Rc3 39.Qg6 Qxg3+ 40.Kh1 Qh3+ 41.Kg1 Qg3+ 42.Kf1 Qe5 43.Bh4 Rh3 44.Bf6 Qe1+
45.Kg2 Qh1+  0-1

[Event "Rilton Cup9495"]
[Site "Stockholm"]
[Date "1994.??.??"]
[Round "9"]
[White "Dysing, Mats"]
[Black "Carlsson, Magnus"]
[Result "1-0"]
[WhiteElo "2310"]
[BlackElo "2015"]

1.e4 c5 2.Nf3 e6 3.d4 cxd4 4.Nxd4 Nc6 5.Nc3 Qc7 6.Be3 Nf6 7.f4 a6 8.e5 Nd5
9.Nxd5 exd5 10.Nf5 d6 11.Nxd6+ Bxd6 12.exd6 Qxd6 13.Qd2 O-O 14.O-O-O Re8
15.Bc4 Be6 16.h3 d4 17.Bb3 Bxb3 18.axb3 Red8 19.Bf2 a5 20.Bh4 Rdc8 21.Bf2 a4
22.b4 a3 23.b3 Nxb4 24.c4 a2 25.Kb2 Nc6 26.Ka1 Rd8 27.Rhe1 h6 28.g4 d3 29.g5 Ra3
30.Qc3 Na5 31.gxh6 Qxh6 32.Rxd3 Rxd3 33.Re8+ Kh7 34.Qxd3+ Qg6 35.f5 Nxb3+
36.Qxb3 Qxf5 37.Qb2 Rf3 38.Re2 Qxh3 39.Qc2+ g6 40.Bd4 Rf1+ 41.Kxa2 Rh1 42.Bb2 Qh5
43.Qc3 f6 44.Re7+ Kg8 45.Qd2 Rd1 46.Qb4 Rd8 47.Qa4 Qh4 48.Rxb7 Rc8 49.Rb4 Qe4
50.Qb3 Ra8+ 51.Ba3 Qe2+ 52.Qb2 Qe6 53.Qg2 Qe8 54.Qd5+ Kh8 55.Rb2 Ra7 56.c5 Kg7
57.c6 Qc8 58.Rb7+ Rxb7 59.cxb7 Qc2+ 60.Bb2 Qa4+ 61.Kb1 Qe8 62.Bxf6+ Kxf6
63.Qd6+ Kg7 64.b8=Q Qe1+ 65.Kc2 Qe2+ 66.Kc3 Qe3+ 67.Kc4 Qc1+ 68.Kb5 Qb2+
69.Kc6 Qc3+ 70.Kd7  1-0

[Event "SVK-chT"]
[Site "?"]
[Date "1994.??.??"]
[Round "?"]
[White "Maros, Milan"]
[Black "Krajnak, Robert"]
[Result "0-1"]
[WhiteElo "2170"]
[BlackElo "2160"]

1.e4 c5 2.Nf3 e6 3.d4 cxd4 4.Nxd4 Nc6 5.Nc3 d6 6.Be2 Bd7 7.O-O a6 8.a4 Nf6
9.Kh1 Be7 10.f4 O-O 11.Bf3 Qc7 12.Nb3 b6 13.g4 Bc8 14.Bg2 Rb8 15.g5 Nd7 16.f5 Re8
17.Qh5 Nde5 18.f6 g6 19.Qh3 Bf8 20.Rf4 b5 21.axb5 axb5 22.Rh4 h5 23.gxh6 Kh7
24.Qg3 b4 25.Ne2 Bb7 26.Rf4 d5 27.Rf1 dxe4 28.Bf4 Bd6 29.Rfd1 Rbd8 30.Bxe4 Nc4
31.Bxd6 Nxd6 32.Bg2 e5 33.Nc5 Ba8 34.Ne4 Nxe4 35.Bxe4 Rxd1+ 36.Rxd1 Nd4 37.Rxd4 Qxc2
38.Bxa8 exd4 39.Bf3 Rxe2 40.Bxe2 Qxe2 41.Qb3 Qf1+  0-1

[Event "SWE-chT 9394"]
[Site "SWE"]
[Date "1994.??.??"]
[Round "5"]
[White "Wessman, Richard"]
[Black "Cramling, Dan"]
[Result "1/2-1/2"]
[WhiteElo "2435"]
[BlackElo "2420"]

1.e4 c5 2.Nf3 e6 3.d4 cxd4 4.Nxd4 Nc6 5.Nc3 d6 6.Be3 Nf6 7.f3 Be7 8.Qd2 a6
9.g4 O-O 10.O-O-O Nxd4 11.Qxd4 b5 12.h4 Qa5 13.Kb1 b4 14.Ne2 e5 15.Qd2 Be6
16.Nc1 d5 17.g5 d4 18.gxf6 dxe3 19.Qxe3 Bxf6 20.Bh3 Bxh3 21.Rxh3 Rfd8 22.Rhh1 Qc7
23.h5 Rac8 24.Rxd8+ Bxd8 25.Qb3 Bg5 26.Nd3 a5 27.Qa4 h6 28.Rd1 Be3 29.Re1 Bd4
30.Re2 Qd8 31.Re1 Qb6 32.Nc1 Qc6 33.Qxc6 Rxc6 34.Nd3 Rf6 35.Rf1 g6 36.a3 bxa3
37.c3 Be3 38.Nxe5 Bf4 39.Nd3 axb2 40.hxg6 fxg6 41.Kxb2 g5 42.c4 Be3 43.Rh1 Bd4+
44.Kc2 a4 45.c5 Kg7 46.Rb1 a3 47.Rb7+ Rf7 48.c6 a2 49.Rxf7+ Kxf7 50.c7 a1=Q  1/2-1/2

[Event "SWZ-chT"]
[Site "SWZ"]
[Date "1994.??.??"]
[Round "1"]
[White "Gallagher, Joseph G"]
[Black "Maeser, Fabian"]
[Result "1/2-1/2"]
[WhiteElo "2490"]
[BlackElo "2245"]

1.e4 c5 2.Nf3 Nc6 3.Nc3 e6 4.d4 cxd4 5.Nxd4 Nf6 6.Ndb5 d6 7.Bf4 e5 8.Bg5 a6
9.Na3 b5 10.Bxf6 gxf6 11.Nd5 Bg7 12.c3 f5 13.exf5 Bxf5 14.Nc2 Be6 15.g3 O-O
16.Bg2 a5 17.O-O Rb8 18.Qd2 Qd7 19.Rad1 f5 20.f4 e4 21.Nce3 Kh8 22.Kh1 b4
23.g4 bxc3 24.bxc3 fxg4 25.Bxe4 Ne7 26.Nxe7 Qxe7 27.Bg2 Qh4 28.Kg1 Rb5 29.Qxd6 Bxa2
30.c4 Rb2 31.f5 Qf6 32.Nxg4 Qxd6 33.Rxd6 Bc3 34.Bd5 Rb1 35.Be6 Rxf1+ 36.Kxf1 Bb1
37.Ne3 Bb4 38.Ra6 Bd3+ 39.Kg2 Kg7 40.Kf3 h5 41.h3 Kf6 42.Bd5+ Ke5 43.Be6 Be4+
44.Ke2 Ra8 45.Rxa8 Bxa8 46.Bd7  1/2-1/2

[Event "SWZ-chT"]
[Site "SWZ"]
[Date "1994.??.??"]
[Round "2"]
[White "Landenbergue, Claude"]
[Black "Franzoni, Giancarlo"]
[Result "1/2-1/2"]
[WhiteElo "2390"]
[BlackElo "2445"]

1.e4 c5 2.Nf3 e6 3.d4 cxd4 4.Nxd4 Nc6 5.Nc3 Qc7 6.g3 a6 7.Bg2 Nf6 8.O-O Be7
9.Re1 d6 10.Nxc6 bxc6 11.e5 dxe5 12.Rxe5 O-O 13.Bf4 Qb7 14.Rb1 Nd5 15.Nxd5 exd5
16.Qd2 Be6 17.c3 Bf6 18.Re2 Rfd8 19.Bg5 Bxg5 20.Qxg5 h6 21.Qh4 Rab8 22.b3 Qb6
23.Rbe1 Qc5 24.Re3 Qa3 25.R3e2 Qc5 26.Re3 Qa3 27.R3e2  1/2-1/2